| 000 | 01287nam a22003377a 4500 | ||
|---|---|---|---|
| 001 | 2631666 | ||
| 003 | OSt | ||
| 005 | 20210420072154.0 | ||
| 008 | 990629s2000 mdua b 001 0 eng | ||
| 010 | _a 99038261 | ||
| 020 | _a0834212064 | ||
| 040 |
_aeng _cDLC _deng |
||
| 042 | _apcc | ||
| 050 | 0 | 0 |
_aRA971.3 _b.B353 2000 |
| 080 |
_a614 _bB-17 |
||
| 082 | 0 | 0 |
_a362.1/068/1 _221 |
| 100 | 1 | _aBaker, Judith J. | |
| 245 | 1 | 0 |
_aHealth care finance : _bbasic tools for nonfinancial managers / _cJudith J. Baker, R.W. Baker. |
| 260 |
_aGaithersburg, Md. : _bAspen, _c2000. |
||
| 300 |
_axiv, 263 p. : _bill. ; _c26 cm. |
||
| 504 | _aIncludes bibliographical references and index. | ||
| 650 | 0 |
_aHealth facilities _xFinance _vCase studies. |
|
| 650 | 0 |
_aPublic Health _9337 |
|
| 650 | 0 |
_aHealth facilities _xAccounting _vCase studies. |
|
| 653 | _aსაზოგადოებრივი ჯანდაცვა | ||
| 653 | _aსაზოგადოებრივი ჯანდაცვის ფინანსები | ||
| 700 | 1 | _aBaker, R. W. | |
| 906 |
_a7 _bcbc _corignew _d1 _eocip _f19 _gy-gencatlg |
||
| 942 |
_2udc _cBK |
||
| 999 |
_c515 _d515 |
||